000 00640nam a2200217Ia 4500
001 3238
003 GE_BSU
008 181216s||||||||xx |||||||||||||| ||und||
040 _cGE_BSU
080 _a624.014.042
100 _aТахтамышев,А.Г.
245 _aМеталлические конструкции.
245 _cРед. Ю.Ф.Бочарова.
250 _aИзд второе, перераб. и дополненное.
260 _aМ.
260 _bВысшая школа.
260 _c1963.
300 _a323 стр. 22 см.
653 _aМеталлические конструкции.
942 _cBK
999 _c37279
_d37279